| 000 | 00900 a2200277 4500 | ||
|---|---|---|---|
| 003 | Nust | ||
| 005 | 20170207154043.0 | ||
| 010 | _a 2009003520 | ||
| 020 | _a0203873734 (eb) | ||
| 020 | _a0415777801 (hbk.) | ||
| 020 | _a9780203873731 (eb) | ||
| 020 | _a9780415777803 (hbk.) | ||
| 035 | _a(OCoLC)ocn302099350 | ||
| 040 | _cNust | ||
| 082 | 0 | 0 | _a330.1 |
| 245 | 0 | 4 |
_aThe foundations of non-equilibrium economics (E-BOOK) _bthe principle of circular and cumulative causation / _cedited by Sebastian Berger. |
| 260 |
_aLondon ; _aNew York : _bRoutledge, _c2009. |
||
| 300 |
_axiii, 199 p. : _bill. ; _c24 cm. |
||
| 440 | 0 | _aRoutledge advances in heterodox economics | |
| 500 | _aIncludes index. | ||
| 650 | 0 | _aCausation. | |
| 650 | 0 | _aEquilibrium (Economics) | |
| 650 | 0 | _aMultiplier (Economics) | |
| 651 | _aThe foundations of non-equilibrium economics (E-BOOK) | ||
| 700 | 1 | _aBerger, Sebastian. | |
| 942 |
_2ddc _cBK |
||
| 999 |
_c192730 _d192730 |
||